ბათუმის შოთა რუსთაველის სახელმწიფო უნივერსიტეტის ბიბლიოთეკა

The new Gold Standard : (ბიბ.ჩანაწერი № 41119)

000 -LEADER
fixed length control field 00827nam a2200229Ia 4500
001 - CONTROL NUMBER
control field 7769
003 - CONTROL NUMBER IDENTIFIER
control field GE_BSU
005 - DATE AND TIME OF LATEST TRANSACTION
control field 20221116111832.0
008 - FIXED-LENGTH DATA ELEMENTS--GENERAL INFORMATION
fixed length control field 181216s2008en xx |||||||||||||| ||eng||
020 ## - INTERNATIONAL STANDARD BOOK NUMBER
International Standard Book Number 9780071548335 x
040 ## - CATALOGING SOURCE
Transcribing agency GE_BSU
041 ## - LANGUAGE CODE
Language code of text/sound track or separate title eng
080 ## - UNIVERSAL DECIMAL CLASSIFICATION NUMBER
Universal Decimal Classification number 658.4 M-75
100 ## - MAIN ENTRY--PERSONAL NAME
Personal name Michelli, Joseph
9 (RLIN) 14783
245 #4 - TITLE STATEMENT
Title The new Gold Standard :
Remainder of title 5 leadership for Greating a Legendary Customer Experiece Courtesy of the Rits-carlton Hotel /
Statement of responsibility, etc. Joseph Michelli.
264 ## - PRODUCTION, PUBLICATION, DISTRIBUTION, MANUFACTURE, AND COPYRIGHT NOTICE
Place of production, publication, distribution, manufacture New York :
Name of producer, publisher, distributor, manufacturer Mc Graw-Hill,
Date of production, publication, distribution, manufacture, or copyright notice 2008.
300 ## - PHYSICAL DESCRIPTION
Extent 284 p. :
Other physical details Ill.
Dimensions 23 cm.
653 ## - INDEX TERM--UNCONTROLLED
keyword 5 leadership for Greating a Legendary Customer Exp
653 ## - INDEX TERM--UNCONTROLLED
keyword The new Gold Standard
653 ## - INDEX TERM--UNCONTROLLED
keyword ლიდერობა ლეგენდარული კლიენტების გაზრდისთვის
942 ## - ADDED ENTRY ELEMENTS (KOHA)
Koha item type წიგნი
Source of classification or shelving scheme
ეგზემპლარები
Withdrawn status Lost status Source of classification or shelving scheme Damaged status Not for loan Permanent Location Current Location Shelving location Date acquired Cost, normal purchase price Full call number Barcode Date last seen Copy number Price effective from Koha item type Public note
          ბათუმის შოთა რუსთაველის სახელმწიფო უნივერსიტეტის მთავარი ბიბლიოთეკა ბათუმის შოთა რუსთაველის სახელმწიფო უნივერსიტეტის მთავარი ბიბლიოთეკა წიგნსაცავი 2018-12-17 40.00 658.4 M-75 24160 2018-12-17 24160 2018-12-17 წიგნი 40gel.
          ბათუმის შოთა რუსთაველის სახელმწიფო უნივერსიტეტის მთავარი ბიბლიოთეკა ბათუმის შოთა რუსთაველის სახელმწიფო უნივერსიტეტის მთავარი ბიბლიოთეკა წიგნსაცავი 2018-12-17 40.00 658.4 M-75 24161 2018-12-17 24161 2018-12-17 წიგნი 40gel.